ბათუმის შოთა რუსთაველის სახელმწიფო უნივერსიტეტის ბიბლიოთეკა

ცენტრალური სახელმწიფო საისტორიო არქივი ქართულ ხელნაწერთა კოლექციის აღწერილობა I = Государственные архивы грузии.Научно-справочные пособия / (ბიბ.ჩანაწერი № 47163)

000 -ლიდერი
ფიქსირებული სიგრძის საკონტროლო ველი 01832nam a2200277Ia 4500
001 - საკონტროლო ნომერი
საკონტროლო ველი 14021
003 - საკონტროლო ნომრის იდენტიფიკატორი
საკონტროლო ველი GE_BSU
005 - ბოლო ოპერაციის თარიღი და დრო
საკონტროლო ველი 20241101174703.0
008 - ფიქსირებული სიგრძის მონაცემთა ელემენტები - ზოგადი ინფორმაცია
ფიქსირებული სიგრძის საკონტროლო ველი 181216s1949||||ge |||||||||||||| ||geo||
040 ## - კატალოგიზაციის წყარო
Transcribing agency GE_BSU
041 ## - ენის კოდი
Language code of text/sound track or separate title geo
080 ## - უნივერსალური ათობითი კლასიფიკაციის ინდექსი
Universal Decimal Classification number 930.25(479.22) ც-37
245 ## - ცნობა სათაურის შესახებ
Title ცენტრალური სახელმწიფო საისტორიო არქივი ქართულ ხელნაწერთა კოლექციის აღწერილობა I = Государственные архивы грузии.Научно-справочные пособия /
Remainder of title
Statement of responsibility, etc შედგენილია ს. კაკაბაძის და პ. გაგოშიძის მიერ, კ. კეკელიძის რედაქტორობით ; პ/მგ. რედ. : მ. გაბრიჩიძე.
264 ## - წარმოების, გამოცემის, დისტრიბუციის და სხვა ცნობები
გამოცემის, წარმოების, დისტრიბუციის... ადგილი თბილისი :
გამოცემის, წარმოების, დისტრიბუციის... სახელწოდება საქ. სსრ. შსს საარქივო სამმართ. გამ-ბა,
გამოცემის, წარმოების, დისტრიბუციის... თარიღი 1949.
300 ## - ფიზიკური აღწერა
Extent 301გვ. ;
Dimensions 22 სმ.
653 ## - INDEX TERM--UNCONTROLLED
Uncontrolled term ცენტრალური სახელმწიფო საისტორიო არქივი
653 ## - INDEX TERM--UNCONTROLLED
Uncontrolled term ქართულ ხელნაწერთა კოლექციის აღწერილობა I
653 ## - INDEX TERM--UNCONTROLLED
Uncontrolled term Государственные архивы грузии
653 ## - INDEX TERM--UNCONTROLLED
Uncontrolled term Научно-справочные пособия
700 ## - ADDED ENTRY--PERSONAL NAME
Personal name კაკაბაძე, ს.
Relator term შემდგენელი
9 (RLIN) 7524
700 ## - ADDED ENTRY--PERSONAL NAME
Personal name გაგოშიძე, პ.
Relator term შემდგენელი
9 (RLIN) 23603
700 ## - ADDED ENTRY--PERSONAL NAME
Personal name კეკელიძე, კ.
Relator term რედაქტორი
9 (RLIN) 3519
700 ## - ADDED ENTRY--PERSONAL NAME
Personal name გაბრიჩიძე, მ.
Relator term პ/მგ. რედაქტორი
9 (RLIN) 4053
942 ## - ADDED ENTRY ELEMENTS (KOHA)
Koha item type წიგნი
Source of classification or shelving scheme
ეგზემპლარები
ჩამოწერის სტატუსი დაკარგული ეგზემპლარის სტატუსი დაზიანების სტატუსი არ გაიცემა შეძენის თარიღი შტრიხკოდი ბოლო ოპერაციის თარიღი ფასის ძალაში შესვლის თარიღი ეგზემპლარის სახეობა
        2018-12-17 27341 2018-12-17 2018-12-17 წიგნი